[Event "Campeonato de España Veteranos 2017"]
[Site "Altea"]
[Date "2017.10.14"]
[Round "8"]
[White "Celaya Tapiz, Jose Maria"]
[Black "Suba, Mihai"]
[Result "1/2-1/2"]
[Board "10"]
[WhiteElo "2196"]
[WhiteCountry "ESP"]
[WhiteFideId "2256703"]
[WhiteEloChange "3"]
[BlackTitle "GM"]
[BlackElo "2315"]
[BlackCountry "ROU"]
[BlackFideId "1203363"]
[BlackEloChange "-3"]

1. e4 {[%clk 1:30:46]} c5 {[%clk 1:30:56]} 2. c3 {[%clk 1:30:39]} d5 {[%clk
1:29:10]} 3. exd5 {[%clk 1:20:36]} Qxd5 {[%clk 1:29:18]} 4. d4 {[%clk 1:20:43]}
Nf6 {[%clk 1:29:25]} 5. Nf3 {[%clk 1:20:39]} e6 {[%clk 1:29:32]} 6. h3 {[%clk
1:20:13]} Nc6 {[%clk 1:29:20]} 7. Be3 {[%clk 1:20:23]} cxd4 {[%clk 1:29:32]} 8.
Nxd4 {[%clk 1:20:26]} Bd7 {[%clk 1:29:31]} 9. Nd2 {[%clk 1:15:07]} Nxd4 {[%clk
1:27:32]} 10. Bxd4 {[%clk 1:15:34]} Be7 {[%clk 1:25:53]} 11. Nf3 {[%clk 1:15:36]}
O-O {[%clk 1:26:00]} 12. Be2 {[%clk 1:15:32]} Bc6 {[%clk 1:26:02]} 13. O-O {[%clk
1:15:31]} Rfd8 {[%clk 1:25:25]} 14. Qb3 {[%clk 1:15:31]} Qa5 {[%clk 1:13:22]} 15.
a4 {[%clk 1:13:28]} Nd7 {[%clk 1:02:47]} 16. Qc2 {[%clk 1:11:54]} e5 {[%clk
1:02:24]} 17. Be3 {[%clk 1:10:49]} Qc7 {[%clk 1:02:27]} 18. Nd2 {[%clk 1:04:29]}
Nb6 {[%clk 1:00:50]} 19. Bxb6 {[%clk 0:55:34]} axb6 {[%clk 0:58:31]} 20. Bf3
{[%clk 0:55:08]} g6 {[%clk 0:55:42]} 21. Bxc6 {[%clk 0:54:53]} Qxc6 {[%clk
0:54:52]} 22. b3 {[%clk 0:51:01]} f6 {[%clk 0:54:17]} 23. Nc4 {[%clk 0:51:19]}
Kg7 {[%clk 0:50:38]} 24. Rad1 {[%clk 0:51:37]} e4 {[%clk 0:44:50]} 25. Rxd8
{[%clk 0:51:52]} Rxd8 {[%clk 0:45:08]} 26. Rd1 {[%clk 0:52:09]} f5 {[%clk
0:44:48]} 27. Rxd8 {[%clk 0:52:32]} Bxd8 {[%clk 0:45:16]} 28. Qd2 {[%clk
0:52:30]} Bf6 {[%clk 0:45:41]} 29. Qd6 {[%clk 0:52:30]} Qxd6 {[%clk 0:45:52]} 30.
Nxd6 {[%clk 0:46:04]} Bxc3 {[%clk 0:45:25]} 31. Nxb7 {[%clk 0:45:56]} Kf6 {[%clk
0:42:14]} 32. Nd6 {[%clk 0:46:03]} Ke6 {[%clk 0:42:07]} 33. Nc4 {[%clk 0:45:33]}
Bd4 {[%clk 0:42:18]} 34. Na3 {[%clk 0:37:09]} f4 {[%clk 0:35:31]} 35. Nc2 {[%clk
0:37:13]} Bc3 {[%clk 0:35:41]} 36. Kf1 {[%clk 0:37:08]} Kd5 {[%clk 0:35:54]} 37.
Ke2 {[%clk 0:37:13]} g5 {[%clk 0:35:13]} 38. Na3 {[%clk 0:31:36]} Kc5 {[%clk
0:35:16]} 39. Nc2 {[%clk 0:30:55]} h5 {[%clk 0:35:16]} 40. f3 {[%clk 0:29:30]}
Kd5 {[%clk 0:32:22]} 41. Na3 {[%clk 0:28:03]} Bb4 {[%clk 0:28:08]} 42. Nc2 {[%clk
0:28:09]} Be7 {[%clk 0:27:56]} 43. Kd2 {[%clk 0:25:26]} Bc5 {[%clk 0:18:46]} 44.
Ke2 {[%clk 0:25:08]} Ke5 {[%clk 0:18:18]} 45. b4 {[%clk 0:24:26]} Bd6 {[%clk
0:16:37]} 46. a5 {[%clk 0:24:53]} bxa5 {[%clk 0:16:31]} 47. bxa5 {[%clk 0:25:22]}
exf3+ {[%clk 0:16:22]} 48. Kxf3 {[%clk 0:25:40]} Kd5 {[%clk 0:16:18]} 49. a6
{[%clk 0:25:29]} Bc5 {[%clk 0:08:11]} 50. Nb4+ {[%clk 0:23:12]} Kd6 {[%clk
0:06:57]} 51. Nd3 {[%clk 0:23:33]} Bb6 {[%clk 0:04:35]} 52. h4 {[%clk 0:22:52]}
gxh4 {[%clk 0:04:55]} 53. Nxf4 {[%clk 0:23:11]} Kc6 {[%clk 0:05:14]} 54. Nxh5
{[%clk 0:23:38]} Kb5 {[%clk 0:05:18]} 55. Kg4 {[%clk 0:24:05]} Bf2 {[%clk
0:05:27]} 56. a7 {[%clk 0:24:17]} Bxa7 {[%clk 0:05:54]} 57. Kxh4 {[%clk 0:24:37]}
Bf2+ {[%clk 0:05:24]} 58. Kg5 {[%clk 0:24:51]} Kc6 {[%clk 0:05:37]} 59. Kf5
{[%clk 0:22:50]} Kd7 {[%clk 0:05:21]} 60. g4 {[%clk 0:23:03]} Bh4 {[%clk
0:05:15]} 61. Nf4 {[%clk 0:22:02]} Ke8 {[%clk 0:05:28]} 62. Ng6 {[%clk 0:21:24]}
Bd8 {[%clk 0:04:43]} 63. Ke6 {[%clk 0:21:36]} Bg5 {[%clk 0:05:02]} 64. Ne5 {[%clk
0:21:55]} Kf8 {[%clk 0:05:18]} 65. Nf3 {[%clk 0:21:16]} Bc1 {[%clk 0:05:06]} 66.
g5 {[%clk 0:21:39]} Bxg5 {[%clk 0:05:33]} 67. Nxg5 {[%clk 0:21:39]} 1/2-1/2

[Event "Campeonato de España Veteranos 2017"]
[Site "Altea"]
[Date "2017.10.14"]
[Round "8"]
[White "Pastor Alonso De Prado, Alberto"]
[Black "Fos Santacreu, Juan Andres"]
[Result "1-0"]
[Board "11"]
[WhiteElo "2131"]
[WhiteCountry "ESP"]
[WhiteFideId "2255740"]
[WhiteEloChange "10"]
[BlackTitle "FM"]
[BlackElo "2140"]
[BlackCountry "ESP"]
[BlackFideId "2205211"]
[BlackEloChange "-10"]

1. e4 {[%clk 1:30:37]} c6 {[%clk 1:30:31]} 2. d4 {[%clk 1:30:46]} d5 {[%clk
1:30:53]} 3. e5 {[%clk 1:30:33]} c5 {[%clk 1:31:15]} 4. dxc5 {[%clk 1:30:52]} e6
{[%clk 1:31:16]} 5. a3 {[%clk 1:29:27]} Bxc5 {[%clk 1:30:50]} 6. Qg4 {[%clk
1:29:34]} g6 {[%clk 1:24:49]} 7. Nf3 {[%clk 1:22:59]} Nc6 {[%clk 1:24:31]} 8. Bd3
{[%clk 1:22:38]} Qc7 {[%clk 1:18:43]} 9. Qf4 {[%clk 1:12:00]} Bf8 {[%clk
1:10:15]} 10. Qg3 {[%clk 1:12:19]} Nh6 {[%clk 1:09:08]} 11. O-O {[%clk 1:01:00]}
Bg7 {[%clk 1:01:40]} 12. Re1 {[%clk 0:59:25]} Nf5 {[%clk 0:54:09]} 13. Bxf5
{[%clk 0:53:48]} exf5 {[%clk 0:54:36]} 14. Nc3 {[%clk 0:53:30]} Be6 {[%clk
0:54:50]} 15. Nb5 {[%clk 0:53:34]} Qb6 {[%clk 0:52:25]} 16. Nd6+ {[%clk 0:53:33]}
Kf8 {[%clk 0:51:39]} 17. Bf4 {[%clk 0:52:47]} h6 {[%clk 0:49:55]} 18. h4 {[%clk
0:53:09]} Rg8 {[%clk 0:45:40]} 19. Rad1 {[%clk 0:31:56]} Rd8 {[%clk 0:40:26]} 20.
b4 {[%clk 0:27:33]} Rh8 {[%clk 0:35:31]} 21. Be3 {[%clk 0:23:49]} Qc7 {[%clk
0:35:28]} 22. Bc5 {[%clk 0:24:05]} Kg8 {[%clk 0:35:09]} 23. Nb5 {[%clk 0:20:50]}
Qc8 {[%clk 0:32:22]} 24. Bd6 {[%clk 0:18:47]} a6 {[%clk 0:29:52]} 25. Nc7 {[%clk
0:18:56]} Kh7 {[%clk 0:30:07]} 26. Nxd5 {[%clk 0:14:14]} Bxd5 {[%clk 0:28:18]}
27. Rxd5 {[%clk 0:14:37]} Rhe8 {[%clk 0:28:15]} 28. c4 {[%clk 0:12:39]} Rd7
{[%clk 0:20:07]} 29. Qf4 {[%clk 0:11:53]} Nd8 {[%clk 0:20:16]} 30. c5 {[%clk
0:09:23]} Ne6 {[%clk 0:19:28]} 31. Qd2 {[%clk 0:09:43]} Qc6 {[%clk 0:19:35]} 32.
Rd3 {[%clk 0:09:05]} Qc8 {[%clk 0:18:11]} 33. Nd4 {[%clk 0:09:11]} Qd8 {[%clk
0:17:28]} 34. h5 {[%clk 0:08:35]} Ng5 {[%clk 0:16:27]} 35. hxg6+ {[%clk 0:08:51]}
fxg6 {[%clk 0:16:42]} 36. f3 {[%clk 0:05:06]} Ne6 {[%clk 0:13:24]} 37. Nxe6
{[%clk 0:05:29]} Rxe6 {[%clk 0:13:51]} 38. Rd4 {[%clk 0:05:53]} Qe8 {[%clk
0:13:45]} 39. f4 {[%clk 0:05:52]} Rf7 {[%clk 0:09:45]} 40. Qd3 {[%clk 0:05:49]}
Qc6 {[%clk 0:07:57]} 41. Qc4 {[%clk 0:05:57]} Qe8 {[%clk 0:08:20]} 42. a4 {[%clk
0:06:17]} g5 {[%clk 0:08:42]} 43. b5 {[%clk 0:06:10]} Bf6 {[%clk 0:05:53]} 44.
Qd3 {[%clk 0:05:48]} Bd8 {[%clk 0:05:37]} 45. fxg5 {[%clk 0:04:54]} Bxg5 {[%clk
0:05:44]} 46. Rf1 {[%clk 0:05:17]} Kg7 {[%clk 0:05:58]} 47. Rc4 {[%clk 0:03:32]}
axb5 {[%clk 0:06:19]} 48. Rb4 {[%clk 0:03:16]} bxa4 {[%clk 0:06:27]} 49. Rxf5
{[%clk 0:03:36]} Rd7 {[%clk 0:03:24]} 50. Qf3 {[%clk 0:03:04]} Qa8 {[%clk
0:02:35]} 51. Rf8 {[%clk 0:01:29]} Qa5 {[%clk 0:02:23]} 52. Rg4 {[%clk 0:01:52]}
a3 {[%clk 0:01:41]} 53. Qf5 {[%clk 0:01:59]} Qe1+ {[%clk 0:00:43]} 54. Kh2 {[%clk
0:02:20]} Rexd6 {[%clk 0:00:43]} 55. cxd6 {[%clk 0:02:03]} a2 {[%clk 0:00:32]}
56. Qf6+ {[%clk 0:02:22]} Kh7 {[%clk 0:01:00]} 57. Rh8# {[%clk 0:02:22]} 1-0

[Event "Campeonato de España Veteranos 2017"]
[Site "Altea"]
[Date "2017.10.14"]
[Round "8"]
[White "Zotes Flecha, Luis"]
[Black "Fernandez Perez, Josep"]
[Result "0-1"]
[Board "15"]
[WhiteElo "1814"]
[WhiteCountry "ESP"]
[WhiteFideId "2287404"]
[WhiteEloChange "-4"]
[BlackElo "2045"]
[BlackCountry "ESP"]
[BlackFideId "32023910"]
[BlackEloChange "4"]

1. c4 {[%clk 1:30:53]} e5 {[%clk 1:30:47]} 2. e4 {[%clk 1:31:13]} d6 {[%clk
1:30:55]} 3. Nc3 {[%clk 1:31:34]} Nc6 {[%clk 1:30:23]} 4. d3 {[%clk 1:31:46]} g6
{[%clk 1:29:35]} 5. f4 {[%clk 1:31:44]} Bg7 {[%clk 1:29:52]} 6. Nf3 {[%clk
1:31:59]} Nge7 {[%clk 1:29:33]} 7. Be2 {[%clk 1:32:13]} O-O {[%clk 1:29:50]} 8.
O-O {[%clk 1:32:30]} h6 {[%clk 1:25:20]} 9. h3 {[%clk 1:32:14]} f5 {[%clk
1:25:31]} 10. fxe5 {[%clk 1:29:45]} dxe5 {[%clk 1:23:50]} 11. Nd5 {[%clk
1:26:42]} Nxd5 {[%clk 1:18:50]} 12. cxd5 {[%clk 1:26:51]} Ne7 {[%clk 1:17:00]}
13. Qb3 {[%clk 1:26:33]} Kh7 {[%clk 1:17:13]} 14. Bd2 {[%clk 1:26:21]} c6 {[%clk
1:17:07]} 15. dxc6 {[%clk 1:16:22]} Nxc6 {[%clk 1:15:49]} 16. Bc3 {[%clk
1:15:18]} Qe7 {[%clk 1:13:55]} 17. a3 {[%clk 1:12:45]} Be6 {[%clk 1:11:53]} 18.
Qd1 {[%clk 1:12:11]} f4 {[%clk 1:09:18]} 19. Qe1 {[%clk 1:11:59]} g5 {[%clk
1:00:02]} 20. Nh2 {[%clk 1:10:59]} Rfd8 {[%clk 0:54:41]} 21. Rc1 {[%clk 1:07:09]}
Rac8 {[%clk 0:50:44]} 22. Qf2 {[%clk 0:59:58]} Qd7 {[%clk 0:45:05]} 23. Rfd1
{[%clk 0:58:05]} Nd4 {[%clk 0:43:29]} 24. Bxd4 {[%clk 0:57:56]} Rxc1 {[%clk
0:38:01]} 25. Rxc1 {[%clk 0:57:59]} Qxd4 {[%clk 0:38:22]} 26. Qxd4 {[%clk
0:58:00]} Rxd4 {[%clk 0:38:38]} 27. Rc7 {[%clk 0:57:58]} Rd7 {[%clk 0:38:57]} 28.
Rxd7 {[%clk 0:57:34]} Bxd7 {[%clk 0:38:44]} 29. Kf2 {[%clk 0:55:24]} Bf8 {[%clk
0:37:08]} 30. Bd1 {[%clk 0:53:49]} Bc5+ {[%clk 0:36:46]} 31. Ke2 {[%clk 0:54:08]}
Bd4 {[%clk 0:36:35]} 32. b3 {[%clk 0:54:12]} Kg6 {[%clk 0:34:05]} 33. Kd2 {[%clk
0:53:57]} h5 {[%clk 0:34:06]} 34. Nf3 {[%clk 0:53:47]} Ba1 {[%clk 0:32:40]} 35.
Kc2 {[%clk 0:51:52]} g4 {[%clk 0:31:54]} 36. hxg4 {[%clk 0:51:41]} hxg4 {[%clk
0:31:40]} 37. Ng1 {[%clk 0:49:40]} Kg5 {[%clk 0:29:03]} 38. Kd2 {[%clk 0:48:18]}
Kh4 {[%clk 0:27:54]} 39. Ke2 {[%clk 0:48:10]} Bd4 {[%clk 0:26:33]} 40. Kf1 {[%clk
0:48:12]} Bxg1 {[%clk 0:26:08]} 41. Kxg1 {[%clk 0:48:36]} Kg3 {[%clk 0:26:23]}
42. Kf1 {[%clk 0:47:26]} Bb5 {[%clk 0:24:13]} 43. Bc2 {[%clk 0:47:34]} f3 {[%clk
0:24:06]} 44. gxf3 {[%clk 0:47:33]} gxf3 {[%clk 0:24:01]} 45. a4 {[%clk 0:47:59]}
Bd7 {[%clk 0:24:04]} 0-1

[Event "Campeonato de España Veteranos 2017"]
[Site "Altea"]
[Date "2017.10.14"]
[Round "8"]
[White "Fernandez Vicente, Carmelo"]
[Black "Vallbona Domingo, Joan"]
[Result "1/2-1/2"]
[Board "16"]
[WhiteElo "2044"]
[WhiteCountry "ESP"]
[WhiteFideId "2228238"]
[WhiteEloChange "-4"]
[BlackElo "1889"]
[BlackCountry "ESP"]
[BlackFideId "2291487"]
[BlackEloChange "4"]

1. c4 {[%clk 1:30:55]} Nf6 {[%clk 1:30:48]} 2. g3 {[%clk 1:31:05]} e5 {[%clk
1:30:36]} 3. Bg2 {[%clk 1:31:05]} d5 {[%clk 1:30:52]} 4. cxd5 {[%clk 1:31:17]}
Nxd5 {[%clk 1:31:12]} 5. Nc3 {[%clk 1:31:36]} Nb6 {[%clk 1:31:21]} 6. Nf3 {[%clk
1:31:03]} Nc6 {[%clk 1:31:44]} 7. a3 {[%clk 1:30:45]} Be7 {[%clk 1:28:56]} 8. b4
{[%clk 1:28:43]} Be6 {[%clk 1:24:52]} 9. Rb1 {[%clk 1:25:23]} f6 {[%clk 1:20:38]}
10. O-O {[%clk 1:23:02]} O-O {[%clk 1:20:08]} 11. d3 {[%clk 1:20:09]} a5 {[%clk
1:14:08]} 12. b5 {[%clk 1:19:40]} Nd4 {[%clk 1:14:09]} 13. Nd2 {[%clk 1:18:16]}
Rb8 {[%clk 1:08:59]} 14. Re1 {[%clk 1:13:59]} Qd7 {[%clk 1:07:23]} 15. e3 {[%clk
1:12:24]} Nf5 {[%clk 1:06:47]} 16. Qe2 {[%clk 1:05:44]} Rfe8 {[%clk 0:58:07]} 17.
Nc4 {[%clk 1:00:44]} Nxc4 {[%clk 0:43:23]} 18. dxc4 {[%clk 1:01:01]} c6 {[%clk
0:43:10]} 19. Rd1 {[%clk 0:58:44]} Qc7 {[%clk 0:43:12]} 20. b6 {[%clk 0:53:27]}
Qc8 {[%clk 0:43:38]} 21. Ne4 {[%clk 0:52:14]} Rd8 {[%clk 0:41:06]} 22. Bb2 {[%clk
0:43:15]} Nd6 {[%clk 0:37:39]} 23. Nxd6 {[%clk 0:39:07]} Rxd6 {[%clk 0:36:47]}
24. Qc2 {[%clk 0:36:42]} Qf8 {[%clk 0:36:20]} 25. Rxd6 {[%clk 0:33:40]} Bxd6
{[%clk 0:31:09]} 26. a4 {[%clk 0:33:40]} 1/2-1/2

[Event "Campeonato de España Veteranos 2017"]
[Site "Altea"]
[Date "2017.10.15"]
[Round "9"]
[White "Campos Gambuti, Luis Maria"]
[Black "Gonzalvez Perales, Jose Luis"]
[Result "1-0"]
[Board "1"]
[WhiteTitle "IM"]
[WhiteElo "2413"]
[WhiteCountry "ESP"]
[WhiteFideId "2226979"]
[WhiteEloChange "1"]
[BlackElo "1988"]
[BlackCountry "ESP"]
[BlackFideId "2256720"]
[BlackEloChange "-2"]

1. e4 {[%clk 1:30:59]} d5 {[%clk 1:29:03]} 2. exd5 {[%clk 1:31:12]} Qxd5 {[%clk
1:29:26]} 3. Nc3 {[%clk 1:31:36]} Qd6 {[%clk 1:29:51]} 4. d4 {[%clk 1:32:02]} Nf6
{[%clk 1:30:14]} 5. Nf3 {[%clk 1:32:28]} c6 {[%clk 1:30:38]} 6. Ne5 {[%clk
1:32:52]} Nbd7 {[%clk 1:19:49]} 7. f4 {[%clk 1:32:41]} Qc7 {[%clk 1:15:00]} 8.
Bc4 {[%clk 1:30:47]} e6 {[%clk 1:10:41]} 9. Qe2 {[%clk 1:30:45]} Nb6 {[%clk
1:10:10]} 10. Bb3 {[%clk 1:31:39]} Nbd5 {[%clk 0:38:53]} 11. Bd2 {[%clk 1:24:12]}
Bb4 {[%clk 0:37:55]} 12. a3 {[%clk 1:24:18]} Nxc3 {[%clk 0:32:45]} 13. bxc3
{[%clk 1:24:26]} Ba5 {[%clk 0:32:58]} 14. Nc4 {[%clk 1:19:49]} O-O {[%clk
0:30:44]} 15. O-O {[%clk 1:19:24]} Qd8 {[%clk 0:21:18]} 16. Nxa5 {[%clk 1:19:18]}
Qxa5 {[%clk 0:21:43]} 17. a4 {[%clk 1:17:55]} Bd7 {[%clk 0:17:01]} 18. Qe5 {[%clk
1:17:00]} Qxe5 {[%clk 0:12:45]} 19. fxe5 {[%clk 1:17:24]} Ne4 {[%clk 0:13:09]}
20. Be1 {[%clk 1:17:27]} c5 {[%clk 0:12:37]} 21. d5 {[%clk 1:17:40]} exd5 {[%clk
0:12:22]} 22. Bxd5 {[%clk 1:18:03]} Bc6 {[%clk 0:12:46]} 23. Bxc6 {[%clk
1:14:58]} bxc6 {[%clk 0:13:14]} 24. Rf4 {[%clk 1:15:08]} Ng5 {[%clk 0:10:13]} 25.
Rc4 {[%clk 1:15:33]} Ne6 {[%clk 0:10:18]} 26. Bf2 {[%clk 1:16:01]} Rab8 {[%clk
0:04:36]} 27. Bxc5 {[%clk 1:16:12]} Nxc5 {[%clk 0:05:02]} 28. Rxc5 {[%clk
1:16:37]} Rfe8 {[%clk 0:05:15]} 29. Rd1 {[%clk 1:16:42]} Rb7 {[%clk 0:02:32]} 30.
Rd6 {[%clk 1:16:32]} Rbe7 {[%clk 0:02:37]} 31. Rdxc6 {[%clk 1:16:33]} f6 {[%clk
0:02:15]} 32. Rc8 {[%clk 1:12:47]} Rxe5 {[%clk 0:01:06]} 33. Rxe8+ {[%clk
1:12:45]} Rxe8 {[%clk 0:01:34]} 34. Rc7 {[%clk 1:13:07]} a6 {[%clk 0:00:36]} 35.
Rc6 {[%clk 1:12:26]} Re4 {[%clk 0:00:33]} 36. c4 {[%clk 1:12:08]} a5 {[%clk
0:00:39]} 37. Rc7 {[%clk 1:11:03]} h6 {[%clk 0:00:43]} 38. Kf2 {[%clk 1:11:11]}
Kh7 {[%clk 0:01:06]} 39. Kf3 {[%clk 1:11:00]} f5 {[%clk 0:01:34]} 40. Rc6 {[%clk
1:09:09]} g5 {[%clk 0:01:20]} 41. Rf6 {[%clk 1:08:01]} Rxc4 {[%clk 0:00:34]} 42.
Rxf5 {[%clk 1:08:25]} Rxa4 {[%clk 0:00:51]} 43. Rc5 {[%clk 1:08:52]} Kg6 {[%clk
0:00:52]} 44. Rc6+ {[%clk 1:06:33]} Kg7 {[%clk 0:00:38]} 45. Ke3 {[%clk 1:06:54]}
Rg4 {[%clk 0:00:49]} 46. g3 {[%clk 1:07:08]} h5 {[%clk 0:00:52]} 47. Rc5 {[%clk
1:06:36]} a4 {[%clk 0:01:15]} 48. c3 {[%clk 1:06:48]} Kg6 {[%clk 0:00:37]} 49.
Kf3 {[%clk 1:06:56]} a3 {[%clk 0:00:44]} 50. Ra5 {[%clk 1:07:12]} Rc4 {[%clk
0:00:38]} 51. Rxa3 {[%clk 1:07:40]} g4+ {[%clk 0:00:42]} 52. Ke3 {[%clk 1:08:08]}
h4 {[%clk 0:00:52]} 53. Ra6+ {[%clk 1:07:58]} Kg5 {[%clk 0:01:13]} 54. Ra5+
{[%clk 1:08:23]} Kg6 {[%clk 0:01:34]} 55. Kd3 {[%clk 1:08:48]} hxg3 {[%clk
0:01:32]} 56. hxg3 {[%clk 1:09:12]} Rc6 {[%clk 0:01:52]} 57. Re5 {[%clk 1:09:14]}
Rf6 {[%clk 0:02:09]} 58. c4 {[%clk 1:09:34]} Rf3+ {[%clk 0:01:13]} 59. Re3 {[%clk
1:09:59]} Rf1 {[%clk 0:01:37]} 60. Kd4 {[%clk 1:09:47]} Rd1+ {[%clk 0:01:58]} 61.
Rd3 {[%clk 1:10:07]} Rc1 {[%clk 0:01:16]} 62. c5 {[%clk 1:10:13]} Kf5 {[%clk
0:01:25]} 63. Kd5 {[%clk 1:10:10]} Re1 {[%clk 0:00:38]} 64. c6 {[%clk 1:10:24]}
1-0

[Event "Campeonato de España Veteranos 2017"]
[Site "Altea"]
[Date "2017.10.15"]
[Round "9"]
[White "Aranaz Portugues, Jose Carlos"]
[Black "Elissalt Cardenas, Hector"]
[Result "0-1"]
[Board "2"]
[WhiteElo "2159"]
[WhiteCountry "ESP"]
[WhiteFideId "2274710"]
[WhiteEloChange "-6"]
[BlackTitle "IM"]
[BlackElo "2324"]
[BlackCountry "ESP"]
[BlackFideId "3500632"]
[BlackEloChange "6"]

1. d4 {[%clk 1:30:30]} Nf6 {[%clk 1:29:46]} 2. Bg5 {[%clk 1:31:24]} e6 {[%clk
1:30:31]} 3. e4 {[%clk 1:31:24]} h6 {[%clk 1:30:54]} 4. Bxf6 {[%clk 1:32:11]}
Qxf6 {[%clk 1:30:54]} 5. c3 {[%clk 1:32:27]} d6 {[%clk 1:29:20]} 6. Bd3 {[%clk
1:32:27]} Nd7 {[%clk 1:27:00]} 7. Ne2 {[%clk 1:32:18]} b6 {[%clk 1:26:43]} 8. O-O
{[%clk 1:32:32]} Bb7 {[%clk 1:25:59]} 9. f4 {[%clk 1:32:09]} g6 {[%clk 1:18:52]}
10. Nd2 {[%clk 1:31:07]} Qe7 {[%clk 1:08:20]} 11. Qa4 {[%clk 1:31:21]} a6 {[%clk
1:06:27]} 12. Rae1 {[%clk 1:21:26]} Bg7 {[%clk 1:04:34]} 13. Ng3 {[%clk 1:20:11]}
O-O {[%clk 0:52:01]} 14. e5 {[%clk 1:19:03]} b5 {[%clk 0:38:39]} 15. Qd1 {[%clk
1:08:04]} Rad8 {[%clk 0:36:52]} 16. exd6 {[%clk 1:04:10]} Qxd6 {[%clk 0:31:42]}
17. Be4 {[%clk 1:00:18]} Qb6 {[%clk 0:26:31]} 18. Bxb7 {[%clk 1:03:53]} Qxb7
{[%clk 0:32:06]} 19. b4 {[%clk 1:01:41]} Qd5 {[%clk 0:24:43]} 20. Nb3 {[%clk
1:00:11]} Nb6 {[%clk 0:21:42]} 21. Qe2 {[%clk 0:57:49]} Nc4 {[%clk 0:16:27]} 22.
Qe4 {[%clk 0:42:10]} a5 {[%clk 0:16:02]} 23. bxa5 {[%clk 0:42:09]} Qxe4 {[%clk
0:16:22]} 24. Nxe4 {[%clk 0:38:35]} Ra8 {[%clk 0:16:21]} 25. Nec5 {[%clk
0:37:50]} Nxa5 {[%clk 0:16:27]} 26. Re2 {[%clk 0:38:06]} Nc4 {[%clk 0:16:08]} 27.
Nd3 {[%clk 0:37:26]} Ra3 {[%clk 0:15:08]} 28. g4 {[%clk 0:37:48]} Rfa8 {[%clk
0:12:58]} 29. Ndc1 {[%clk 0:37:11]} Bf6 {[%clk 0:12:32]} 30. Kg2 {[%clk 0:34:26]}
Nb6 {[%clk 0:11:49]} 31. Rc2 {[%clk 0:34:13]} R8a4 {[%clk 0:11:27]} 32. Rf3
{[%clk 0:29:54]} Nd5 {[%clk 0:07:23]} 33. Nd2 {[%clk 0:28:19]} b4 {[%clk
0:06:25]} 34. Nb1 {[%clk 0:26:44]} Rxc3 {[%clk 0:05:24]} 35. Nxc3 {[%clk
0:28:40]} bxc3 {[%clk 0:06:53]} 36. Ne2 {[%clk 0:28:34]} Bxd4 {[%clk 0:06:46]}
37. Kg3 {[%clk 0:27:38]} c5 {[%clk 0:06:01]} 38. Nc1 {[%clk 0:26:43]} g5 {[%clk
0:06:30]} 39. fxg5 {[%clk 0:26:18]} hxg5 {[%clk 0:06:42]} 40. h4 {[%clk 0:26:36]}
Be5+ {[%clk 0:06:49]} 41. Kg2 {[%clk 0:26:34]} Rxg4+ {[%clk 0:06:55]} 42. Kf1
{[%clk 0:25:48]} Rxh4 {[%clk 0:06:20]} 43. Ne2 {[%clk 0:25:07]} g4 {[%clk
0:06:44]} 44. Rd3 {[%clk 0:24:30]} c4 {[%clk 0:07:06]} 0-1

[Event "Campeonato de España Veteranos 2017"]
[Site "Altea"]
[Date "2017.10.15"]
[Round "9"]
[White "Roche Simon, Manuel Angel"]
[Black "Lloret Climent, Miguel"]
[Result "1-0"]
[Board "3"]
[WhiteElo "2216"]
[WhiteCountry "ESP"]
[WhiteFideId "2216566"]
[WhiteEloChange "4"]
[BlackElo "1950"]
[BlackCountry "ESP"]
[BlackFideId "2206439"]
[BlackEloChange "-4"]

1. e4 {[%clk 1:30:50]} c5 {[%clk 1:30:40]} 2. Nf3 {[%clk 1:30:47]} e6 {[%clk
1:31:01]} 3. d4 {[%clk 1:30:56]} cxd4 {[%clk 1:31:21]} 4. Nxd4 {[%clk 1:30:59]}
a6 {[%clk 1:31:41]} 5. Nc3 {[%clk 1:31:08]} Qc7 {[%clk 1:31:52]} 6. Bd3 {[%clk
1:31:04]} Nf6 {[%clk 1:32:04]} 7. Qe2 {[%clk 1:31:29]} Bd6 {[%clk 1:31:09]} 8.
Nf3 {[%clk 1:26:48]} Nc6 {[%clk 1:29:19]} 9. O-O {[%clk 1:26:00]} O-O {[%clk
1:28:31]} 10. a4 {[%clk 1:20:36]} b6 {[%clk 1:27:17]} 11. Bg5 {[%clk 1:19:02]}
Ng4 {[%clk 1:26:49]} 12. h3 {[%clk 1:18:16]} Nge5 {[%clk 1:23:34]} 13. Rad1
{[%clk 1:10:05]} Bb7 {[%clk 1:22:14]} 14. Nxe5 {[%clk 1:06:52]} Nxe5 {[%clk
1:11:44]} 15. f4 {[%clk 1:03:12]} Nxd3 {[%clk 1:11:24]} 16. Qxd3 {[%clk 1:03:23]}
Bc5+ {[%clk 1:11:00]} 17. Kh1 {[%clk 1:03:19]} d6 {[%clk 1:09:45]} 18. f5 {[%clk
1:01:23]} Bb4 {[%clk 0:56:00]} 19. f6 {[%clk 0:57:49]} g6 {[%clk 0:51:21]} 20.
Qg3 {[%clk 0:47:05]} Bxc3 {[%clk 0:39:41]} 21. bxc3 {[%clk 0:39:21]} Rfc8 {[%clk
0:18:00]} 22. Be3 {[%clk 0:26:44]} Qc4 {[%clk 0:11:20]} 23. Qg5 {[%clk 0:19:58]}
Qxe4 {[%clk 0:10:21]} 24. Rf3 {[%clk 0:20:08]} Kf8 {[%clk 0:05:59]} 25. Qh6+
{[%clk 0:19:08]} Ke8 {[%clk 0:06:20]} 26. Qxh7 {[%clk 0:16:27]} Rd8 {[%clk
0:02:10]} 27. Bxb6 {[%clk 0:15:44]} Rdc8 {[%clk 0:01:39]} 28. Rxd6 {[%clk
0:15:16]} Qe1+ {[%clk 0:02:00]} 29. Bg1 {[%clk 0:15:40]} 1-0

[Event "Campeonato de España Veteranos 2017"]
[Site "Altea"]
[Date "2017.10.15"]
[Round "9"]
[White "Fernandez Hernandez, Gerardo"]
[Black "Nunez Munoz, Jesus"]
[Result "1/2-1/2"]
[Board "4"]
[WhiteTitle "CM"]
[WhiteElo "2178"]
[WhiteCountry "ESP"]
[WhiteFideId "2207400"]
[WhiteEloChange "1"]
[BlackElo "2199"]
[BlackCountry "ESP"]
[BlackFideId "2208709"]
[BlackEloChange "-1"]

1. e4 {[%clk 1:30:57]} c6 {[%clk 1:30:32]} 2. d4 {[%clk 1:30:49]} d5 {[%clk
1:30:54]} 3. exd5 {[%clk 1:31:14]} cxd5 {[%clk 1:31:20]} 4. c4 {[%clk 1:31:40]}
Nf6 {[%clk 1:29:55]} 5. Nc3 {[%clk 1:32:05]} e6 {[%clk 1:28:59]} 6. c5 {[%clk
1:32:28]} Be7 {[%clk 1:27:45]} 7. Nf3 {[%clk 1:32:47]} Nc6 {[%clk 1:27:47]} 8.
Bf4 {[%clk 1:33:00]} O-O {[%clk 1:27:31]} 9. Bb5 {[%clk 1:33:01]} Bd7 {[%clk
1:26:59]} 10. O-O {[%clk 1:31:43]} Ne4 {[%clk 1:24:29]} 11. Re1 {[%clk 1:29:06]}
Nxc3 {[%clk 1:22:21]} 12. bxc3 {[%clk 1:29:29]} b6 {[%clk 1:22:15]} 13. cxb6
{[%clk 1:13:41]} axb6 {[%clk 1:22:29]} 1/2-1/2